Bulgarien (Запис номер 113601)
[ съкратено ]
| 000 -Лидер | |
|---|---|
| Контролно поле с фиксирана дължина | 01188nam a2200361 c 4500 |
| 003 - Код на организацията, давaща контролен номер | |
| Контролно поле | BLK |
| 005 - Дата и час на последна редакция | |
| Контролно поле | 20240217105627.0 |
| 008 - Елементи от данни с фиксирана дължина | |
| fixed length control field | 180409b bul|||||r ||||||| ||bul|| |
| 010 ## - Наследен системен номер | |
| LC control number | KNG00119015000 |
| 020 ## - Международен стандартен номер на книга ISBN | |
| Международен стандартен номер на книга ISBN | 978-3-8310-1214-5 |
| -- | издат.: Dorling Kindersley |
| 040 ## - Източник на каталожния запис | |
| Идентификатор на билиотеката - собственик на записа | BLK |
| 041 ## - Код за език | |
| Код за езика на текст/звукозапис или на отделно заглавие | Немски |
| Код за езика КДБФ | Немски |
| 080 ## - УДК | |
| Текстов определител УДК | География на България |
| УДК код - определител по УДК | 913(497.2) |
| УДК определител | (036) |
| УДК - код + определител | 913(497.2)(036) |
| 100 1# - Редна дума - Автор | |
| Автор | Bousfield, Jonathan |
| Авторска отговорност | първи автор |
| R(LIN) | 5876 |
| 139 ## - Редно поле | |
| Редна дума | Bousfield, Jonathan et al. |
| Авторски знак | Bou - B 81 |
| 245 10 - Сведения за заглавието | |
| Заглавие | Bulgarien |
| Редно поле (дума) | Jonathan Bousfield; съавт. Matt Willis. |
| 257 ## - Страна на издаване | |
| Страна на създаване/издаване | Германия |
| 260 ## - Област на издателските данни | |
| -- | Munchen |
| Име на издателя, разпространителя и проч. | Dorling Kindersley |
| Година на издаване | 2008 |
| 300 ## - Физическа характеристика | |
| Страници | 290 c. |
| Илюстрации и др. | със снимки., ил. |
| Размери/Мащаб | 22 см. |
| 380 ## - Жанр | |
| Жанр | География |
| 490 1# - СЕРИИ (Колекции) | |
| Име на серия | Vis-a-Vis |
| 650 #4 - Допълнително описание по предмет – тема | |
| Основно описание – тема или топоним | България - пътеводители |
| 9 (RLIN) | 272126 |
| 651 #4 - Допълнително описание по предмет - топоним | |
| Географско понятие | България |
| 9 (RLIN) | 241624 |
| 653 ## - Ключова дума – ненормативна | |
| Ключова дума | България |
| 653 ## - Ключова дума – ненормативна | |
| Ключова дума | пътеводители |
| 700 1# - Други автори (авторска отговорност) | |
| Лично име | Willis, Matt |
| Автороска отговорност (Описва отношението между автора и произведението) | съавт. |
| 9 (RLIN) | 312967 |
| 852 ## - Местоположение | |
| Форматна сигнатура | Цб 107077 |
| 856 4# - Електронен адрес и достъп | |
| Електронен формат | pdf - файл |
| Път до файла /url/ | |
| 856 4# - Електронен адрес и достъп | |
| Електронен формат | pdf - файл |
| Път до файла /url/ | |
| 942 ## - АРТИКУЛИ | |
| Вид на библиотечния материал | Книги |
| Скрит в OPAC | Не |
| Koha issues (borrowed), all copies | 1 |
| 944 ## - СЪЗДАВАНЕ И РЕДАКЦИЯ на ЗАПИСА | |
| Създаване/Редакция | Създаване |
| Дата на регистрацията/редакция | 01.06.2009 |
| Служител, извършил регистрацията/редакцията | 30545 |
| Статус, дата на статуса | Нора Радева |
| 944 ## - СЪЗДАВАНЕ И РЕДАКЦИЯ на ЗАПИСА | |
| Създаване/Редакция | Редакция |
| Дата на регистрацията/редакция | 01.06.2009 |
| Служител, извършил регистрацията/редакцията | |
| 999 ## - СИСТЕМНИ КОНТРОЛНИ НОМЕРА | |
| Koha biblionumber | 113601 |
| Koha biblioitemnumber | 113601 |
| Код за отписване | Код за изгубен артикул | Източник на класификационната схема | Код за повреда | Коз за рестрикции | Код за отдаване | Артикулен № | Име на библиотеката - собственик | Име на библиотеката, в която се намира в момента | Статус (Текущо местоположение) | Дата на вписване в системата | Местоположение - отдел | Цена в лева | Инвентарен номер | Систематично азбучна сигнатура | Баркод | Номер на екземпляра | Цена в евро | Служебна бележка | Служебен тип на артикула |
|---|---|---|---|---|---|---|---|---|---|---|---|---|---|---|---|---|---|---|---|
| Не е изгубен | Universal Decimal Classification | Не е повреден | без рестрикции | заемане за дома | 181930 | Регионална библиотека "Любен Каравелов" Русе | Регионална библиотека "Любен Каравелов" Русе | ЧЧЗО - нем. ез. - Гьоте инст. | 2000-01-01 | ЧЧЗО - нем. ез. - Гьоте инст. | 20.00 | 120000904188 | Ч5/914/B 81 | 120000904188 | 1 | 10.23 | Дост: DA Вид: А Дата: 01.01.2000 | Книги |